000 00346nam a22001457a 4500
003 OSt
005 20160727222357.0
008 160622b xxu||||| |||| 00| 0 eng d
040 _ctest
100 _9566
_aHowsl, E, D
245 _aFlowers for Grace
260 _anew york
_bFlowers for Grace
_c1972
300 _aFlowers for Grace
942 _2ddc
_cBK
999 _c474
_d474